Reference manual : (Record no. 136032)

MARC details
000 -LEADER
fixed length control field 00682nam a22002417a 4500
003 - CONTROL NUMBER IDENTIFIER
control field 0
005 - DATE AND TIME OF LATEST TRANSACTION
control field 20180820151320.0
008 - FIXED-LENGTH DATA ELEMENTS--GENERAL INFORMATION
fixed length control field 0
010 ## - LIBRARY OF CONGRESS CONTROL NUMBER
LC control number B-159833
020 ## - INTERNATIONAL STANDARD BOOK NUMBER
Terms of availability 750.00
International Standard Book Number 8188583642
035 ## - SYSTEM CONTROL NUMBER
System control number B-159833, B-159838, B-159855
037 ## - SOURCE OF ACQUISITION
Source of stock number/acquisition Cen Lib/Ret
040 ## - CATALOGING SOURCE
Original cataloging agency DPL
Language of cataloging EN
Transcribing agency 0
082 ## - DEWEY DECIMAL CLASSIFICATION NUMBER
Classification number 180
Item number REF
245 ## - TITLE STATEMENT
Title Reference manual :
Remainder of title philosophy /
246 ## - VARYING FORM OF TITLE
Remainder of title
260 ## - PUBLICATION, DISTRIBUTION, ETC. (IMPRINT)
Place of publication, distribution, etc New Delhi
Name of publisher, distributor, etc Reference Press
Date of publication, distribution, etc 2004
270 ## - ADDRESS
City New Delhi
Address 4831/24, Ansari Road, Dariyaganj
Postal code 110002
300 ## - PHYSICAL DESCRIPTION
Extent vii, 353p.
Dimensions 21cm(Hb)
650 ## - SUBJECT ADDED ENTRY--TOPICAL TERM
Topical term or geographic name as entry element Philosophy -- Manual
9 (RLIN) 111861
650 ## - SUBJECT ADDED ENTRY--TOPICAL TERM
Topical term or geographic name as entry element Morality -- Hindu philosophy
9 (RLIN) 111862
942 ## - ADDED ENTRY ELEMENTS (KOHA)
Source of classification or shelving scheme Dewey Decimal Classification
Koha item type English Books
Classification part 180
Call number suffix REF
Holdings
Withdrawn status Lost status Damaged status Not for loan Home library Current library Date acquired Source of acquisition Cost, normal purchase price Total Checkouts Total Renewals Full call number Barcode Date last seen Date checked out Copy number Cost, replacement price Price effective from Koha item type Source of classification or shelving scheme Collection code
        Central Library Central Library 13/10/2015 Cen Lib/Ret 750.00 3 3 180 REF B-159833 27/03/2021 13/02/2021 1 750.00 13/10/2015 English Books    
        Central Library Central Library 21/12/2015 Cen Lib/Ret 750.00 1   180 REF B-159832 15/12/2019 02/12/2019 2 750.00 21/12/2015 English Books    
        Patel Nagar Patel Nagar 06/08/2018 BPPD/PUB 750.00 1   180 REF B-159838 19/01/2024 02/01/2024   750.00 06/08/2018 English Books Dewey Decimal Classification Non-fiction
        Shahdara Branch Shahdara Branch 20/08/2018 BPPD/PUB 0.00     180 REF B-159855 20/08/2018     0.00 20/08/2018 English Books Dewey Decimal Classification Non-fiction

© Delhi Public Library
Hit Counter
free hit counter